000
00341 a2200121 4500
001
ART_41392
005
20260410161754.0
008
260409a
245
1
0
_a
Buen contribuyente
100
1
_a
Coronello, Silvina E.
700
1
_a
Iglesias Araujo, Fabiana
773
0
_t
Doctrina tributaria
_g
- NÂș 445 (abr. 2017)
_w
REV4296
999
_c
19959
_d
19959